The Shikoku Quiz - Japan - Statistics

General Stats
  • This quiz has been taken 40 times
  • The average score is 12 of 18
Answer Stats
Hint Answer % Correct
4 Prefectures Ehime
100%
Kochi
100%
Kagawa
97%
Biggest City Matsuyama
97%
Tokushima
97%
2nd Biggest City Takamatsu
87%
Former Names of the 4 Prefectures Iyo
68%
Sanuki
68%
Tosa
65%
Awa
61%
Marugame
61%
Imabari
55%
Niihama
52%
Longest River (196km) Shimanto
52%
Non-Prefectural Capitals with a population of 100,000 or more Saijo
48%
Highest Mountain Ishizuchi
45%
2nd Longest River (194km) Yoshino
42%
Great Shikoku Pilgrimage 88 Temples
16%
No matching quizzes found
Score Distribution
Percent of People with Each Score
Percentile by Number Answered
Your Score History
You have not taken this quiz